| 000 | 00387nam a22001337a 4500 | ||
|---|---|---|---|
| 008 | 230602b xxu||||| |||| 00| 0 eng d | ||
| 020 | _a978996609290 | ||
| 082 |
_a230.6762 _bMUL |
||
| 100 | _cRev. Vincent Mboya Mulwa | ||
| 245 |
_achristianity at the crossroads _bbetween a rock and a hard place |
||
| 260 |
_anairobi, kenya _bDelmon General Agencies |
||
| 300 | _ax,191p | ||
| 942 |
_2ddc _cBK |
||
| 999 |
_c114 _d114 |
||